| 000 | 00444nam a2200181Ia 4500 | ||
|---|---|---|---|
| 001 | 9577 | ||
| 005 | 20260306161728.0 | ||
| 008 | 260306t1995||||xx |||||||||||||| ||spa|| | ||
| 041 | _aESP | ||
| 082 |
_a382.1 _bM32 |
||
| 100 |
_aMayorga Gutiérrez, David _eAUT |
||
| 245 | 0 | _aIntroducción a los negocios internacionales | |
| 260 | _c1995 | ||
| 300 |
_a373 páginas : _c20 cm. |
||
| 650 | _aGEN | ||
| 654 | _aCAN | ||
| 942 |
_cLIB _dJUS _fJUS _2ddc _n |
||
| 999 |
_c9577 _d9577 |
||